| 000 | 01008ngm a22003370a 4500 | ||
|---|---|---|---|
| 001 | PT39982 | ||
| 003 | AR-LpoUNG | ||
| 005 | 20210201235902.0 | ||
| 007 | vd cvaizq | ||
| 008 | 191001s2005||||xxu|||||||||||||||||eng d | ||
| 020 |
_a0803023472 _c$26 |
||
| 040 |
_aAR-LpoUNG _bspa _cAR-LpoUNG _eaacr |
||
| 041 | _aeng | ||
| 044 | _axxu | ||
| 082 | 0 | _a781.65 179dja | |
| 100 | 1 | _aLagrene, Bireli | |
| 245 | 1 | 0 |
_aDjango : _ba jazz tribute |
| 260 |
_aNew York : _bView video, _c2005. |
||
| 300 | _aDVD (26 min.) : son., col. | ||
| 520 | _aEl guitarrista Bireli Lagrene, rinde tributo al legendario guitarrista Django Reinhardt, con una serie de duetos. Uniéndose al hijo de Django, Babik, Lagrene muestra energia, pasión y entusiasmo en esta grabación. | ||
| 650 | 4 | _aMUSICA | |
| 651 | 4 | _aDOCUMENTOS TEORICOS O METODOLOGICOS | |
| 653 | _aDVD | ||
| 653 | _aDVD | ||
| 653 | _aGUITARRA | ||
| 653 | _aJAZZ | ||
| 653 | _aVIDEOS | ||
| 700 | 1 | _aReinhardt, Babik | |
| 905 | _a39982 | ||
| 942 | _cDVD | ||
| 999 |
_c53699 _d53699 |
||